The morality of capitalism : (Record no. 271)
[ view plain ]
| 000 -LEADER | |
|---|---|
| fixed length control field | 00534cam a2200169 a 4500 |
| 020 ## - INTERNATIONAL STANDARD BOOK NUMBER | |
| International Standard Book Number | 9780898031706 (pbk.) |
| 020 ## - INTERNATIONAL STANDARD BOOK NUMBER | |
| International Standard Book Number | 0898031702 |
| 050 00 - LIBRARY OF CONGRESS CALL NUMBER | |
| Classification number | HB501 |
| Item number | .M721464 2011 |
| 245 04 - TITLE STATEMENT | |
| Title | The morality of capitalism : |
| Remainder of title | what your professors won't tell you / |
| Statement of responsibility, etc. | edited by Tom G. Palmer. |
| 260 ## - PUBLICATION, DISTRIBUTION, ETC. (IMPRINT) | |
| Place of publication, distribution, etc. | Ottawa, Ill. : |
| Name of publisher, distributor, etc. | Jameson Books |
| Date of publication, distribution, etc. | c2011. |
| 300 ## - PHYSICAL DESCRIPTION | |
| Extent | 129 p. ; |
| 500 ## - GENERAL NOTE | |
| General note | "Students for Liberty & Atlas Network." |
| 650 #0 - SUBJECT ADDED ENTRY--TOPICAL TERM | |
| General subdivision | Moral and ethical aspects. |
| 650 #0 - SUBJECT ADDED ENTRY--TOPICAL TERM | |
| General subdivision | Moral and ethical aspects. |
| 700 1# - ADDED ENTRY--PERSONAL NAME | |
| Personal name | Palmer, Tom G. |
| 942 ## - ADDED ENTRY ELEMENTS (KOHA) | |
| Koha item type | General circulation |
No items available.